面積が小さい非島国 - Statistics

General Stats
  • This quiz has been taken 318 times
  • The average score is 8 of 14
Answer Stats
順位 国名 面積(㎢) % Correct
1位 バチカン市国 0.44
100%
2位 モナコ 2
89%
5位 サンマリノ 61
89%
19位 アンドラ 468
87%
6位 リヒテンシュタイン 160
84%
30位 ルクセンブルク 2,586
80%
45位 エスワティニ 17,363
50%
37位 コソボ 10,905
47%
39位 ガンビア 11,295
45%
36位 レバノン 10,452
37%
42位 モンテネグロ 13,812
37%
50位 イスラエル 22,072
34%
49位 エルサルバドル 21,041
29%
48位 スロベニア 20,273
28%
No matching quizzes found
Score Distribution
Percent of People with Each Score
Percentile by Number Answered
Your Score History
You have not taken this quiz